[Event "Oberliga Wuerttemberg 2122"]
[Site "Wuerttemberg"]
[Date "2022.04.24"]
[Round "5.3"]
[White "Trachtmann, Mark"]
[Black "Bildt, Maximilian"]
[Result "1/2-1/2"]
[WhiteElo "2238"]
[BlackElo "2120"]
[PlyCount "96"]
[EventDate "2021.09.19"]
[EventType "team-tourn"]
[EventRounds "9"]
[EventCountry "GER"]
[SourceTitle "EXT 2023"]
[Source "ChessBase"]
[SourceDate "2022.10.05"]
[SourceVersion "1"]
[SourceVersionDate "2022.10.05"]
[SourceQuality "1"]
[WhiteTeam "Schmiden/Cannstatt"]
[BlackTeam "Ulm Weisse Dame"]
[WhiteTeamCountry "GER"]
[BlackTeamCountry "GER"]

1. d4 Nf6 2. c4 c5 3. d5 b5 4. cxb5 a6 5. bxa6 Bxa6 6. Nc3 d6 7. e4 Bxf1 8. Kxf1 g6 9. Nf3 Bg7 10. g3 0-0 11. Kg2 Qb6 12. Re1 Na6 13. Re2 Nb4 14. a4 Qb7 15. Nb5 Nd7 16. Rb1 Nb6 17. b3 f5 18. Ng5 fxe4 19. Rxe4 N6xd5 20. f3 Rf5 21. Ne6 Nf6 22. Re3 Ng4 23. Re4 Ne5 24. Bf4 Nbd3 25. Qe2 Nxf4+ 26. gxf4 Nc6 27. Rd1 Bf6 28. Qc2 Nb4 29. Qe2 Qc6 30. Rc4 Nd5 31. Qe4 Ra6 32. Nd8 Nxf4+ 33. Qxf4 Rxf4 34. Nxc6 Rxc4 35. Nxe7+ Bxe7 36. bxc4 Rxa4 37. Nxd6 Bxd6 38. Rxd6 Rxc4 39. Rd7 h5 40. Kg3 Kf8 41. Rc7 g5 42. Kg2 Rc2+ 43. Kg3 Rc3 44. Kg2 h4 45. Rd7 Rc2+ 46. Kh3 Rf2 47. Kg4 Rg2+ 48. Kh3 Rf2 1/2-1/2

[Event "Ulm/Neu Ulm-ch"]
[Site "Ulm/Neu Ulm"]
[Date "2017.12.01"]
[Round "6"]
[White "Bildt, Maximilian"]
[Black "Heinrich, Klaus"]
[Result "1-0"]
[WhiteElo "2119"]
[BlackElo "1724"]
[PlyCount "69"]
[EventDate "2017.09.22"]
[EventType "swiss"]
[EventRounds "7"]
[EventCountry "GER"]
[SourceTitle "EXT 2019"]
[Source "ChessBase"]
[SourceDate "2018.10.10"]
[SourceVersion "1"]
[SourceVersionDate "2018.10.10"]
[SourceQuality "1"]

1. e4 d5 2. exd5 Nf6 3. c4 e6 4. d4 exd5 5. Nc3 Be7 6. cxd5 Nxd5 7. Bc4 Nxc3 8. bxc3 0-0 9. Nf3 Bg4 10. h3 Bh5 11. 0-0 Nd7 12. Bf4 Bd6 13. Bxd6 cxd6 14. Qd3 Nb6 15. Bb3 Qf6 16. Nd2 d5 17. f4 h6 18. Rae1 Bg6 19. f5 Bh7 20. Re5 Rad8 21. Qe3 Rd7 22. Re1 Bxf5 23. Rf1 g6 24. g4 Kh7 25. gxf5 Rg8 26. Kh2 g5 27. Qg3 Qc6 28. f6 Rd6 29. Bc2+ Kh8 30. Qd3 Rg6 31. Re7 Rdxf6 32. Rxf7 Rxf1 33. Qxf1 Qd6+ 34. Kg2 Re6 35. Rh7+ 1-0

[Event "Landesliga Nord 1718"]
[Site "Bayern"]
[Date "2017.11.26"]
[Round "3.4"]
[White "Bildt, Maximilian"]
[Black "Menacher, Manfred"]
[Result "0-1"]
[WhiteElo "2099"]
[BlackElo "2223"]
[PlyCount "110"]
[EventDate "2017.10.22"]
[EventType "team-tourn"]
[EventRounds "9"]
[EventCountry "GER"]
[SourceTitle "EXT 2022"]
[Source "ChessBase"]
[SourceDate "2021.10.06"]
[SourceVersion "1"]
[SourceVersionDate "2021.10.06"]
[SourceQuality "1"]
[WhiteTeam "Zirndorf"]
[BlackTeam "Regensburg Bavaria"]
[WhiteTeamCountry "GER"]
[BlackTeamCountry "GER"]

1. e4 e6 2. d4 d5 3. Nc3 Bb4 4. e5 c5 5. a3 Bxc3+ 6. bxc3 Qc7 7. Qg4 Ne7 8. Qxg7 Rg8 9. Qxh7 cxd4 10. Ne2 Nbc6 11. f4 Bd7 12. Qd3 dxc3 13. Be3 Nf5 14. Bf2 0-0-0 15. h3 d4 16. g4 Ne3 17. Bxe3 dxe3 18. Qxe3 Kb8 19. Bg2 Ne7 20. 0-0 Bc6 21. Bxc6 Qxc6 22. Qxc3 Qb6+ 23. Kh2 Rd7 24. Rab1 Qa6 25. Qe3 Rc8 26. Rf2 Rxc2 27. Nd4 Nd5 28. Qe1 Rc4 29. Nb5 Qa4 30. Nd6 Rxf4 31. Rc1 a6 32. Qg1 Rc7 33. Rxc7 Nxc7 34. Nxf7 Qd4 35. Rf1 Qd2+ 36. Qg2 Qe3 37. Nd6 Nd5 38. Rxf4 Qxe5 39. Qg3 Nxf4 40. Nf7 Qe2+ 41. Kg1 e5 42. Ng5 Qd1+ 43. Kh2 Qd2+ 44. Kh1 Qc1+ 45. Kh2 Qb2+ 46. Kh1 b5 47. h4 a5 48. Nh3 b4 49. axb4 axb4 50. Nxf4 Qc1+ 51. Kg2 exf4 52. Qf2 Qc6+ 53. Kh2 b3 54. Kg1 Qc1+ 55. Kg2 Qc2 0-1

[Event "Ulm/Neu Ulm-ch"]
[Site "Ulm/Neu Ulm"]
[Date "2017.09.22"]
[Round "1"]
[White "Moeller, Jan Christian"]
[Black "Bildt, Maximilian"]
[Result "0-1"]
[WhiteElo "1670"]
[BlackElo "2119"]
[PlyCount "46"]
[EventDate "2017.09.22"]
[EventType "swiss"]
[EventRounds "7"]
[EventCountry "GER"]
[SourceTitle "EXT 2019"]
[Source "ChessBase"]
[SourceDate "2018.10.10"]
[SourceVersion "1"]
[SourceVersionDate "2018.10.10"]
[SourceQuality "1"]

1. e4 c5 2. Nf3 d6 3. d4 cxd4 4. c3 Nf6 5. Bd3 dxc3 6. Nxc3 e6 7. 0-0 Be7 8. Bg5 h6 9. Bh4 0-0 10. Qe2 Nc6 11. Rfd1 Qa5 12. Rd2 Rd8 13. Rad1 Ne8 14. Bg3 a6 15. a4 Bd7 16. Bc4 Nb4 17. Ne5 Bxa4 18. Nxa4 dxe5 19. Bb3 Nc6 20. Rd7 Qb4 21. Rxd8 Rxd8 22. Rxd8 Bxd8 23. Qd1 Nd4 0-1

[Event "Mittelfranken Mitte-ch"]
[Site "Nuremberg"]
[Date "2017.01.06"]
[Round "2"]
[White "Thuerauf, Peter"]
[Black "Bildt, Maximilian"]
[Result "1-0"]
[WhiteElo "1842"]
[BlackElo "2045"]
[PlyCount "80"]
[EventDate "2017.01.05"]
[EventType "swiss"]
[EventRounds "7"]
[EventCountry "GER"]
[SourceTitle "EXT 2018"]
[Source "ChessBase"]
[SourceDate "2017.10.13"]
[SourceVersion "1"]
[SourceVersionDate "2017.10.13"]
[SourceQuality "1"]

1. Nf3 Nf6 2. d4 c5 3. d5 b5 4. Bg5 Qa5+ 5. Bd2 Qb6 6. Bg5 Ne4 7. Bf4 d6 8. e3 f5 9. Be2 g6 10. 0-0 Bg7 11. Nbd2 Nf6 12. c4 b4 13. Ng5 h6 14. Ne6 Bxe6 15. dxe6 Nc6 16. Bf3 Rc8 17. e4 g5 18. Bh5+ Kd8 19. e5 Nxh5 20. Qxh5 dxe5 21. Qf7 Bf6 22. Rad1 Nd4 23. Be3 Qxe6 24. Qh5 Kc7 25. Bxd4 exd4 26. Rfe1 Qd6 27. Qf3 Qd7 28. a3 bxa3 29. Qxa3 Kd8 30. Ra1 Ke8 31. Nb3 Qc6 32. Na5 Qd7 33. Nb3 Qc6 34. Na5 Qb6 35. Qf3 f4 36. Qd5 Rd8 37. Qe4 Kf7 38. Nc6 Rd7 39. Qe6+ Ke8 40. Qxf6 Rg8 1-0

[Event "Pyramiden Franken Cup"]
[Site "Fuerth"]
[Date "2016.09.03"]
[Round "5"]
[White "Faralisz, Patrick"]
[Black "Bildt, Maximilian"]
[Result "1/2-1/2"]
[WhiteElo "1793"]
[BlackElo "2020"]
[PlyCount "90"]
[EventDate "2016.09.01"]
[EventType "swiss"]
[EventRounds "7"]
[EventCountry "GER"]
[SourceTitle "CBM 174 Extra"]
[Source "ChessBase"]
[SourceDate "2016.10.10"]
[SourceVersion "1"]
[SourceVersionDate "2016.10.10"]
[SourceQuality "1"]

1. e4 c5 2. Nf3 d6 3. Bb5+ Bd7 4. Bxd7+ Nxd7 5. 0-0 Ngf6 6. Qe2 e5 7. d3 g6 8. Nc3 Bg7 9. Bg5 Qb6 10. Rab1 0-0 11. Nd2 Qc6 12. Qf3 b5 13. Rfe1 Rfe8 14. Bxf6 Nxf6 15. Nd5 Nxd5 16. exd5 Qc7 17. c4 b4 18. Ne4 Qd8 19. h4 Rb8 20. g3 Rf8 21. Qe2 h6 22. h5 f5 23. Nd2 Qe8 24. Kg2 Bf6 25. hxg6 Qxg6 26. Rh1 Bg5 27. Nf3 f4 28. Nxg5 Qxg5 29. Qh5 Qxh5 30. Rxh5 fxg3 31. fxg3 Rf6 32. Rf1 Rbf8 33. Rxf6 Rxf6 34. a3 a5 35. axb4 axb4 36. Rh1 Kg7 37. Ra1 Kg6 38. Ra8 Kg5 39. Rg8+ Rg6 40. Rf8 Kg4 41. b3 Kg5 42. Rf7 h5 43. Rf8 Rf6 44. Rg8+ Kh6 45. Rd8 Kg5 1/2-1/2

[Event "Regionalliga NO 1516"]
[Site "Bayern"]
[Date "2016.04.10"]
[Round "9.4"]
[White "Bildt, Maximilian"]
[Black "Krasotin, Valentin"]
[Result "1/2-1/2"]
[WhiteElo "2079"]
[BlackElo "1855"]
[PlyCount "100"]
[EventDate "2015.10.11"]
[EventType "team-tourn"]
[EventRounds "9"]
[EventCountry "GER"]
[SourceTitle "EXT 2018"]
[Source "ChessBase"]
[SourceDate "2017.10.13"]
[SourceVersion "1"]
[SourceVersionDate "2017.10.13"]
[SourceQuality "1"]
[WhiteTeam "Zirndorf"]
[BlackTeam "Nuernberg Sued SW II"]
[WhiteTeamCountry "GER"]
[BlackTeamCountry "GER"]

1. e4 e5 2. Nf3 Nc6 3. Bb5 a6 4. Ba4 Nf6 5. 0-0 Be7 6. Re1 b5 7. Bb3 0-0 8. a4 Bb7 9. d3 d6 10. Na3 Na5 11. Ba2 b4 12. Nc4 Nxc4 13. Bxc4 c5 14. c3 a5 15. Qb3 Nd7 16. Be3 Nb6 17. Nd2 Bg5 18. Qc2 Kh8 19. Rad1 f5 20. f3 Bxe3+ 21. Rxe3 f4 22. Ree1 Rf6 23. Bb5 Rh6 24. d4 Qh4 25. Nf1 g5 26. dxc5 dxc5 27. cxb4 g4 28. Qxc5 gxf3 29. Qxe5+ Kg8 30. g3 fxg3 31. Qxg3+ Rg6 32. bxa5 Rxg3+ 33. hxg3 Qh3 34. Rd2 Rxa5 35. b4 Ra8 36. a5 Nc8 37. Bd7 Qh5 38. Be6+ Kf8 39. Rd7 Bc6 40. Rd8+ Ke7 41. Rxc8 Kxe6 42. Rxc6+ Kd7 43. Rc2 Qb5 44. Rd1+ Ke6 45. Rd4 Rf8 46. Kf2 Qh5 47. Rc6+ Ke7 48. Rc7+ Ke6 49. Rc6+ Kf7 50. Rd7+ Ke8 1/2-1/2

[Event "Mittelfranken-ch HT"]
[Site "Nuremberg"]
[Date "2016.03.25"]
[Round "7"]
[White "Bildt, Maximilian"]
[Black "Walter, Thomas"]
[Result "0-1"]
[WhiteElo "1997"]
[BlackElo "2122"]
[PlyCount "68"]
[EventDate "2016.03.22"]
[EventType "swiss"]
[EventRounds "9"]
[EventCountry "GER"]
[SourceTitle "EXT 2018"]
[Source "ChessBase"]
[SourceDate "2017.10.13"]
[SourceVersion "1"]
[SourceVersionDate "2017.10.13"]
[SourceQuality "1"]

1. e4 e6 2. d4 d5 3. Nc3 Bb4 4. e5 c5 5. a3 Bxc3+ 6. bxc3 Ne7 7. Qg4 Qc7 8. Qxg7 Rg8 9. Qxh7 cxd4 10. Ne2 Nbc6 11. f4 dxc3 12. Be3 Qa5 13. Nd4 Nxd4 14. Bxd4 Qa4 15. Qd3 Nf5 16. Qb5+ Qxb5 17. Bxb5+ Bd7 18. Bxd7+ Kxd7 19. 0-0-0 Rxg2 20. Bxc3 Rh8 21. Rd2 Rxd2 22. Bxd2 Ng3 23. Rd1 Rxh2 24. c4 Ne2+ 25. Kb1 d4 26. Bb4 Kc6 27. Rd2 b6 28. Kc2 a5 29. Be7 b5 30. Kb3 Rh3+ 31. Kb2 bxc4 32. Rxe2 c3+ 33. Kb3 a4+ 34. Kxa4 d3 0-1

[Event "Mittelfranken-ch HT"]
[Site "Nuremberg"]
[Date "2016.03.24"]
[Round "5"]
[White "Bildt, Maximilian"]
[Black "Walter, Florian"]
[Result "1-0"]
[WhiteElo "1997"]
[BlackElo "2160"]
[PlyCount "42"]
[EventDate "2016.03.22"]
[EventType "swiss"]
[EventRounds "9"]
[EventCountry "GER"]
[SourceTitle "EXT 2018"]
[Source "ChessBase"]
[SourceDate "2017.10.13"]
[SourceVersion "1"]
[SourceVersionDate "2017.10.13"]
[SourceQuality "1"]

1. e4 c5 2. Nf3 g6 3. c4 Nc6 4. d4 cxd4 5. Nxd4 Bg7 6. Be3 Nf6 7. Nc3 Ng4 8. Qxg4 Nxd4 9. Qd1 Ne6 10. Rc1 Qa5 11. Be2 0-0 12. 0-0 f5 13. exf5 Qxf5 14. Nd5 Qf7 15. b4 d6 16. c5 Kh8 17. Bc4 Bd7 18. Nc7 Rac8 19. cxd6 Bb2 20. Rb1 Be5 21. Qb3 exd6 1-0

[Event "Regionalliga NO 1516"]
[Site "Bayern"]
[Date "2016.01.17"]
[Round "5.4"]
[White "Lutz, Thomas"]
[Black "Bildt, Maximilian"]
[Result "0-1"]
[WhiteElo "1910"]
[BlackElo "2079"]
[PlyCount "87"]
[EventDate "2015.10.11"]
[EventType "team-tourn"]
[EventRounds "9"]
[EventCountry "GER"]
[SourceTitle "EXT 2018"]
[Source "ChessBase"]
[SourceDate "2017.10.13"]
[SourceVersion "1"]
[SourceVersionDate "2017.10.13"]
[SourceQuality "1"]
[WhiteTeam "Bechhofen"]
[BlackTeam "Zirndorf"]
[WhiteTeamCountry "GER"]
[BlackTeamCountry "GER"]

1. c4 Nf6 2. Nf3 g6 3. b3 Bg7 4. Bb2 d6 5. d4 0-0 6. Nbd2 c5 7. e3 cxd4 8. Nxd4 Nc6 9. Be2 Nxd4 10. exd4 d5 11. c5 Ne4 12. Rc1 Qa5 13. a3 Qxd2+ 14. Qxd2 Nxd2 15. Kxd2 Bh6+ 16. Kc3 Bxc1 17. Bxc1 Bd7 18. b4 a6 19. Bf3 e6 20. Bh6 Rfe8 21. Re1 a5 22. Rb1 axb4+ 23. axb4 Ra3+ 24. Rb3 Rxb3+ 25. Kxb3 Bb5 26. Bc1 Bc4+ 27. Kc3 f6 28. Bd1 Ra8 29. Bb2 e5 30. dxe5 fxe5 31. Bb3 Bxb3 32. Kxb3 d4 33. f4 Rd8 34. Bc1 e4 35. b5 d3 36. Kc3 Kf7 37. g4 Ke6 38. Be3 Kd5 39. h3 Ra8 40. b6 Ra2 41. f5 Rc2+ 42. Kb3 gxf5 43. gxf5 Ke5 44. Bc1 0-1

[Event "Pyramiden Franken Cup"]
[Site "Fuerth"]
[Date "2014.09.07"]
[Round "6"]
[White "Bildt, Maximilian"]
[Black "Seyb, Alexander"]
[Result "0-1"]
[WhiteElo "1969"]
[BlackElo "2374"]
[PlyCount "74"]
[EventDate "2014.09.04"]
[EventType "swiss"]
[EventRounds "7"]
[EventCountry "GER"]
[SourceTitle "CBM 162 Extra"]
[Source "ChessBase"]
[SourceDate "2014.10.17"]
[SourceVersion "1"]
[SourceVersionDate "2014.10.17"]
[SourceQuality "1"]

1. e4 c5 2. Nf3 d6 3. d4 cxd4 4. Nxd4 Nf6 5. Nc3 a6 6. f4 e6 7. Bd3 Nbd7 8. Qf3 Qc7 9. a4 g6 10. 0-0 Bg7 11. Be3 0-0 12. Nde2 Nc5 13. g4 Bd7 14. Ng3 Bc6 15. f5 exf5 16. gxf5 Rae8 17. Rfe1 Nfd7 18. Qf2 Qd8 19. Bd4 Nxd3 20. cxd3 Ne5 21. Bxe5 Bxe5 22. d4 Bf6 23. Rad1 Qb6 24. Re2 Qb4 25. Kh1 Kh8 26. Qe3 d5 27. Kg1 dxe4 28. d5 Bxa4 29. Nxa4 Qxa4 30. Red2 Qd7 31. Rf1 Qd6 32. fxg6 fxg6 33. Rdf2 Bg7 34. Rxf8+ Bxf8 35. Rf7 Qxd5 36. Qf4 Bg7 37. Rc7 Be5 0-1

[Event "Pyramiden Franken Cup"]
[Site "Fuerth"]
[Date "2014.09.05"]
[Round "2"]
[White "Bildt, Maximilian"]
[Black "Spiess, Martin"]
[Result "1/2-1/2"]
[WhiteElo "1969"]
[BlackElo "2156"]
[PlyCount "43"]
[EventDate "2014.09.04"]
[EventType "swiss"]
[EventRounds "7"]
[EventCountry "GER"]
[SourceTitle "CBM 162 Extra"]
[Source "ChessBase"]
[SourceDate "2014.10.17"]
[SourceVersion "1"]
[SourceVersionDate "2014.10.17"]
[SourceQuality "1"]

1. e4 c5 2. Nf3 d6 3. d4 cxd4 4. Nxd4 Nf6 5. Nc3 a6 6. f4 e5 7. Nf3 Nbd7 8. Bc4 Be7 9. 0-0 0-0 10. a4 b6 11. Qe2 Bb7 12. Nd5 exf4 13. Bxf4 Nc5 14. Nd2 Ncxe4 15. Nxe4 Nxd5 16. Bxd5 Bxd5 17. Rfd1 Bxe4 18. Qxe4 Qc7 19. Rd5 Rfe8 20. Qd3 Rad8 21. Rd1 Qc6 22. b3 1/2-1/2

[Event "Pyramiden Franken Cup"]
[Site "Fuerth"]
[Date "2014.09.04"]
[Round "1"]
[White "Sikorsky, Reinhard"]
[Black "Bildt, Maximilian"]
[Result "0-1"]
[WhiteElo "1666"]
[BlackElo "1969"]
[PlyCount "72"]
[EventDate "2014.09.04"]
[EventType "swiss"]
[EventRounds "7"]
[EventCountry "GER"]
[SourceTitle "CBM 162 Extra"]
[Source "ChessBase"]
[SourceDate "2014.10.17"]
[SourceVersion "1"]
[SourceVersionDate "2014.10.17"]
[SourceQuality "1"]

1. e4 c5 2. Nc3 e6 3. Nf3 a6 4. d4 cxd4 5. Nxd4 b5 6. Bd3 Bb7 7. Be3 Bb4 8. Nde2 Nf6 9. f3 Qc7 10. a3 Bc5 11. Qd2 0-0 12. 0-0 d5 13. exd5 Bxd5 14. Nxd5 Nxd5 15. Bf2 Nd7 16. Kh1 Bxf2 17. Rxf2 Ne5 18. Be4 Rfd8 19. Qe1 Rac8 20. Bxd5 Rxd5 21. Nc3 Rd7 22. Rd1 Nc4 23. Rxd7 Qxd7 24. Qc1 Nxa3 25. Ne4 Nc4 26. b3 Nb6 27. h3 Nd5 28. Rd2 Qc7 29. Qa3 Qb6 30. c4 bxc4 31. Nd6 Rc6 32. Nxc4 Qc5 33. Qb2 h6 34. Rc2 Qb4 35. Rc1 a5 36. Ra1 Rxc4 0-1

[Event "Nuremberg Zabo op 12th"]
[Site "Nuremberg"]
[Date "2010.09.19"]
[Round "4"]
[White "Sargin, Anatol"]
[Black "Bildt, Maximilian"]
[Result "1-0"]
[WhiteElo "2112"]
[BlackElo "1887"]
[PlyCount "51"]
[EventDate "2010.09.17"]
[EventType "swiss"]
[EventRounds "5"]
[EventCountry "GER"]
[SourceTitle "EXT 2011"]
[Source "ChessBase"]
[SourceDate "2010.11.26"]
[SourceVersion "1"]
[SourceVersionDate "2010.11.26"]
[SourceQuality "1"]

1. e4 c5 2. c3 d5 3. exd5 Qxd5 4. d4 cxd4 5. cxd4 e6 6. Nc3 Bb4 7. Nf3 Nf6 8. Bd3 0-0 9. a3 Bxc3+ 10. bxc3 b5 11. 0-0 Bb7 12. Qe2 Bc6 13. Re1 Nbd7 14. Qf1 a6 15. Bg5 h6 16. Bf4 Bb7 17. a4 Qb3 18. Bd2 Bxf3 19. gxf3 bxa4 20. Qg2 Kh8 21. Qh3 Qd5 22. Be4 Nxe4 23. fxe4 Qc6 24. Bxh6 gxh6 25. Qxh6+ Kg8 26. Qg5+ 1-0

[Event "Nuremberg Zabo op 12th"]
[Site "Nuremberg"]
[Date "2010.09.18"]
[Round "3"]
[White "Bildt, Maximilian"]
[Black "Boss, Rolf"]
[Result "1/2-1/2"]
[WhiteElo "1887"]
[BlackElo "2066"]
[PlyCount "121"]
[EventDate "2010.09.17"]
[EventType "swiss"]
[EventRounds "5"]
[EventCountry "GER"]
[SourceTitle "EXT 2011"]
[Source "ChessBase"]
[SourceDate "2010.11.26"]
[SourceVersion "1"]
[SourceVersionDate "2010.11.26"]
[SourceQuality "1"]

1. e4 c5 2. Nf3 d6 3. d4 cxd4 4. Nxd4 Nf6 5. Nc3 a6 6. Bg5 e6 7. f4 Be7 8. Qf3 Qc7 9. 0-0-0 Nbd7 10. g4 b5 11. Bxf6 Nxf6 12. Bd3 b4 13. Nce2 Bb7 14. g5 Nd7 15. Qh5 g6 16. Qf3 e5 17. Nb3 Rc8 18. h4 exf4 19. Qxf4 Ne5 20. Nbd4 h5 21. gxh6 Bf8 22. Kb1 Bxh6 23. Qf6 Rg8 24. h5 Bg7 25. Qf2 Qe7 26. hxg6 fxg6 27. Qg3 Kd7 28. Qh3+ Kc7 29. Ne6+ Kb8 30. Nxg7 Rxg7 31. Nf4 Nxd3 32. cxd3 Qe5 33. Qh6 Rgg8 34. Rhg1 g5 35. Ng6 Qc5 36. Rg2 d5 37. Qh2+ Ka8 38. Rxg5 Qb6 39. Qg2 dxe4 40. Ne7 Rxg5 41. Qxg5 Rd8 42. d4 Rxd4 43. Re1 Qd8 44. Qg8 Qxg8 45. Nxg8 Rd6 46. Ne7 Rf6 47. Kc2 Ka7 48. a3 bxa3 49. bxa3 Kb6 50. Rb1+ Kc7 51. Rb3 Rf2+ 52. Kd1 Rf7 53. Ng6 Bd5 54. Rg3 Rf6 55. Kd2 Kd6 56. Ke3 Kc5 57. Nf4 Bc6 58. Rg1 Kc4 59. Rc1+ Kb3 60. Rb1+ Kxa3 61. Ra1+ 1/2-1/2

[Event "Mittelfranken Mitte-ch 0910"]
[Site "Zirndorf"]
[Date "2010.01.03"]
[Round "2"]
[White "Bildt, Thomas"]
[Black "Bildt, Maximilian"]
[Result "0-1"]
[WhiteElo "2045"]
[BlackElo "1900"]
[PlyCount "102"]
[EventDate "2010.01.03"]
[EventType "swiss"]
[EventRounds "7"]
[EventCountry "GER"]
[SourceTitle "EXT 2015"]
[Source "ChessBase"]
[SourceDate "2014.11.20"]
[SourceVersion "1"]
[SourceVersionDate "2014.11.20"]
[SourceQuality "1"]

1. e4 c5 2. Nc3 e6 3. f4 a6 4. g3 b5 5. Bg2 Bb7 6. d3 Qc7 7. Nf3 Nf6 8. e5 Nd5 9. Ne4 d6 10. 0-0 Nc6 11. exd6 Bxd6 12. Nxd6+ Qxd6 13. Qe2 0-0 14. c4 Ndb4 15. Ne5 Nd4 16. Qd1 Bxg2 17. Kxg2 f6 18. Nf3 Ndc2 19. Rb1 Qxd3 20. a3 Rfd8 21. Bd2 Qxd2+ 22. Qxd2 Rxd2+ 23. Nxd2 Ne3+ 24. Kf2 Nxf1 25. Kxf1 Nc2 26. Rc1 Ne3+ 27. Ke2 Nxc4 28. Nxc4 bxc4 29. Rxc4 Rb8 30. Rc2 Kf7 31. Kd3 Ke7 32. Kc4 Kd6 33. Rd2+ Kc6 34. Re2 Re8 35. g4 h6 36. h4 e5 37. g5 e4 38. gxf6 gxf6 39. f5 Kd6 40. a4 Ke5 41. Kxc5 Kxf5 42. Kb6 Re6+ 43. Kc7 Kf4 44. Kd7 Kf3 45. Rc2 Re5 46. Rc6 f5 47. Rxh6 e3 48. Kd6 Re4 49. Rf6 e2 50. Rxf5+ Kg3 51. Rg5+ Kh2 0-1

[Event "Mittelfranken-chTB1 0910"]
[Site "Mittelfranken"]
[Date "2009.12.06"]
[Round "4.2"]
[White "Seeger, Peter"]
[Black "Bildt, Maximilian"]
[Result "1/2-1/2"]
[WhiteElo "1975"]
[BlackElo "1885"]
[PlyCount "116"]
[EventDate "2009.10.11"]
[EventType "team-tourn"]
[EventRounds "9"]
[EventCountry "GER"]
[SourceTitle "EXT 2011"]
[Source "ChessBase"]
[SourceDate "2010.11.26"]
[SourceVersion "1"]
[SourceVersionDate "2010.11.26"]
[SourceQuality "1"]
[WhiteTeam "Nuernberg NT III"]
[BlackTeam "Muehlhof/Mfr"]
[WhiteTeamCountry "GER"]
[BlackTeamCountry "GER"]

1. d4 Nf6 2. c4 c5 3. d5 b5 4. cxb5 a6 5. bxa6 Bxa6 6. Nc3 d6 7. Nf3 g6 8. g3 Bg7 9. Bg2 0-0 10. 0-0 Nbd7 11. Rb1 Qb6 12. Qc2 Bc4 13. Nd2 Qa6 14. Nxc4 Qxc4 15. b3 Qa6 16. a4 Rfb8 17. h3 Rb7 18. Re1 Rab8 19. e4 Ne5 20. Nb5 Ne8 21. f4 Nd7 22. Bf1 Qb6 23. Be3 Qa5 24. Bd2 Qb6 25. Kg2 Qd8 26. Na3 h5 27. Nc4 Ra7 28. Kh2 Rba8 29. e5 dxe5 30. fxe5 Nb6 31. Nxb6 Qxb6 32. e6 f5 33. Bb5 Nf6 34. Bc6 Rd8 35. Rec1 Ne4 36. Be3 Qc7 37. Bf4 Be5 38. Bxe5 Qxe5 39. Rg1 Nxg3 40. Rxg3 h4 41. Qg2 Kg7 42. Re1 Qxg3+ 43. Qxg3 hxg3+ 44. Kxg3 g5 45. h4 gxh4+ 46. Kxh4 Kf6 47. Kg3 Kg5 48. Rc1 Rb8 49. Bb5 Rc7 50. Rh1 Rg8 51. a5 Kf6+ 52. Kf3 Ke5 53. Bc4 Rg4 54. a6 Ra7 55. Rh7 Rg1 56. Rf7 Re1 57. Rf8 Rc1 58. Rc8 Rc3+ 1/2-1/2